いよわ 曲一覧 - Statistics

General Stats
  • This quiz has been taken 72 times
    51 since last reset
  • The average score is 24 of 101
Answer Stats
Answer % Correct
きゅうくらりん
91%
1000年生きてる
72%
熱異常
66%
IMAWANOKIWA
66%
ももいろの鍵
50%
一千光年
50%
黄金数
44%
あだぽしゃ
44%
アプリコット
44%
地球の裏
44%
たびのまえ、たびのあと
44%
うらぽしゃ
41%
終末のお天気
38%
水死体にもどらないで
38%
パジャミィ
38%
バベル
38%
アイリスアウト
34%
異星にいこうね
34%
SLIP
34%
マーシーキリング
31%
わたしは禁忌
31%
ポプリさん
31%
さよならジャックポット
31%
オーバー!
31%
大女優さん
31%
うわがき
31%
イーマイナー
28%
無辜のあなた
28%
ディアーマイウィッチクラフト
28%
くろうばあないと
28%
たぶん終わり
28%
つづみぐさ
28%
卒業式
28%
わすれモノ
28%
ラストジャーニー
25%
赤色が怖い
25%
捕食ひ捕食
25%
頬が乾くまで
25%
キャットファイト
25%
ゆめみるうろこ
25%
AKUMA!
25%
乙女を踊れ
22%
ヘブンズバグ
22%
ぷらいまり
22%
平熱
22%
間に合え結婚式
22%
新学期
22%
深夜怖い
22%
昨非今是のイノセンス
19%
夢遊絶頂感
19%
ゆるやかな化膿
19%
アダラナ
19%
パインドロップ
19%
灰色の靴
19%
スーパーレア
19%
アラクネ
19%
粗大ごみの日
19%
電脳学級会で会いましょう
19%
クリエイトがある
19%
勝手に生きましょ
19%
上書き
19%
音声だけでお送りします
19%
寝言は寝て言え
19%
M・O・E
19%
知らない香り
16%
エンゼルケア
16%
ふぇのめのん
16%
花蟷螂
16%
三十九糎
16%
ツーピーカラー
16%
われらはハレ
16%
真夜中はつ雪散歩
16%
Cloudsurf
16%
YURAGI
16%
秘密基地で待っていて
13%
マイクロウェイブ
13%
マイワンダー
13%
わだちの花
13%
ファイアフライ
13%
ピアノフィッシュ
13%
スペシャろうぜ
13%
あなたのしたり顔が見たい
9%
ノアノア
9%
とかげの心
9%
モノクロになる前に
9%
ドロップレット
9%
パラレルサーチライト
9%
残滓
9%
いよわガールズ学園
9%
ハイヒール
9%
オレンジスケール
9%
メロン・ソーダ・フロート
9%
ほんの感想
9%
オンリーエンド
6%
ヒーローがいない街
6%
キャラバン
6%
私の革命
6%
驚異の魔法
6%
ハローマイトリート
6%
刹那の正体
6%
エトワール
3%
No matching quizzes found
Score Distribution
Percent of People with Each Score
Percentile by Number Answered
Your Score History
You have not taken this quiz since the last reset